000 00445nam a2200169Ia 4500
008 230524s9999 xx 000 0 und d
020 _a8174464166
082 _a650.55
_bGUP
100 _aS.L.Gupta
245 0 _aSales and Distribution Management: Text and Cases ( An Indian Perspective)
250 _aIST
260 _aNEW DELHI
_bExcel
_c2008
300 _aXII;589
500 _aQuantity Number: 7
650 _aManagement
942 _cBK
999 _c44988
_d44988